000
00272nam a22001097a 4500
999
_c
261400
_d
261399
020
_a
9781534435933
100
_a
Deborah
245
_a
BUNNICULA-A Rabbit Tale of Mystery
260
_a
New York
_b
Atheneum Books for Young Readers
_c
2019
300
_a
101 pgs
942
_c
BK